30 największych miast Europy w 1900 roku - Statystyki

Ogólne statystyki
  • Ten quiz został rozwiązany 843 razy
  • Średni wynik to 30 z 50
Statystyki odpowiedzi
Liczba mieszkańców Miasto % Poprawnych
1,04 mln Moskwa
98%
727 tys. Warszawa
98%
1,89 mln Berlin
97%
4,5 mln Londyn
97%
2,66 mln Paryż
97%
540 tys. Madryt
95%
452 tys. Rzym
92%
1,66 mln Wiedeń
86%
529 tys. Barcelona
85%
288 tys. Kijów
85%
1,25 mln Sankt Petersburg
84%
732 tys. Budapeszt
82%
500 tys. Monachium
81%
351 tys. Lizbona
80%
301 tys. Sztokholm
79%
524 tys. Amsterdam
76%
282 tys. Bukareszt
76%
481 tys. Mediolan
76%
900 tys. Stambuł
76%
706 tys. Hamburg
72%
356 tys. Kopenhaga
72%
571 tys. Bruksela
69%
540 tys. Manchester
69%
554 tys. Neapol
68%
291 tys. Dublin
67%
470 tys. Marsylia
67%
460 tys. Lyon
65%
679 tys. Liverpool
64%
331 tys. Turyn
58%
423 tys. Wrocław
52%
289 tys. Frankfurt
49%
751 tys. Glasgow
49%
352 tys. Łódź
49%
518 tys. Birmingham
47%
373 tys. Kolonia
47%
329 tys. Rotterdam
43%
310 tys. Edynburg
42%
288 tys. Ryga
40%
306 tys. Palermo
33%
396 tys. Drezno
31%
456 tys. Lipsk
30%
422 tys. Leeds
29%
257 tys. Bordeaux
27%
273 tys. Antwerpia
26%
450 tys. Odessa
22%
339 tys. Belfast
18%
261 tys. Norymberga
16%
375 tys. Sheffield
11%
325 tys. Bristol
9%
278 tys. Bradford
1%
Nie znaleziono quizów pasujących do podanych kryteriów
Rozkład punktacji
Procent ludzi z każdym wynikiem
Percentyl według liczby udzielonych odpowiedzi
Twoja historia wyników
Nie rozwiązałeś tego quizu